000
00284nam a2200121Ia 4500
008
190216s9999||||xx |||||||||||||| ||und||
100
_a
Narendra Jadhav
245
0
_a
Challenges To Indian Banking
260
_b
Unian Bank Of Kerala
300
_a
442
650
_a
Commerce
942
_c
BK
999
_c
6913
_d
6913